[Event "Sachsen-Anhalt-ch Seniors 24th"]
[Site "Halberstadt"]
[Date "2016.05.30"]
[Round "2"]
[White "Bocionek, Dieter"]
[Black "Wendland, Gerd"]
[Result "1-0"]
[WhiteElo "1956"]
[BlackElo "1843"]
[PlyCount "67"]
[EventDate "2016.05.29"]
[EventType "swiss"]
[EventRounds "7"]
[EventCountry "GER"]
[SourceTitle "EXT 2019"]
[Source "ChessBase"]
[SourceDate "2018.10.10"]
[SourceVersion "1"]
[SourceVersionDate "2018.10.10"]
[SourceQuality "1"]

1. d4 d5 2. Nc3 e6 3. e4 dxe4 4. Nxe4 Nd7 5. c3 Ngf6 6. Bg5 Be7 7. Ng3 0-0 8. Nf3 Re8 9. Be2 h6 10. Bd2 c5 11. 0-0 cxd4 12. Nxd4 Nc5 13. Qc2 e5 14. Ndf5 e4 15. Be3 Qc7 16. Bd4 Bxf5 17. Nxf5 Ne6 18. Nxe7+ Qxe7 19. Be3 Nc7 20. c4 b6 21. Rac1 Rac8 22. Qa4 Ne6 23. b4 Nd7 24. Rfd1 Red8 25. a3 f5 26. g3 g5 27. Kh1 f4 28. gxf4 gxf4 29. Bd2 Nd4 30. Rg1+ Kh7 31. Bg4 e3 32. Bc3 exf2 33. Qc2+ Nxc2 34. Bf5# 1-0

[Event "Hannover Region-ch"]
[Site "Hannover"]
[Date "2016.01.30"]
[Round "2"]
[White "Wendland, Gerd"]
[Black "Mumm, Karen"]
[Result "1-0"]
[WhiteElo "1843"]
[BlackElo "1412"]
[PlyCount "44"]
[EventDate "2016.01.16"]
[EventType "swiss"]
[EventRounds "7"]
[EventCountry "GER"]
[SourceTitle "EXT 2020"]
[Source "ChessBase"]
[SourceDate "2019.10.17"]
[SourceVersion "1"]
[SourceVersionDate "2019.10.17"]
[SourceQuality "1"]

1. Nf3 Nf6 2. c4 g6 3. b3 Bg7 4. Bb2 0-0 5. g3 Nc6 6. Bg2 d6 7. d4 d5 8. 0-0 Bf5 9. Nh4 Qd7 10. Nxf5 Qxf5 11. Nc3 e6 12. Rc1 Rad8 13. Na4 Bh6 14. e3 Ne4 15. Qe2 Nf6 16. Nc5 b6 17. Na6 Rd7 18. cxd5 Nxd4 19. Bxd4 Nxd5 20. e4 Nf4 21. gxf4 Qxf4 22. Be3 Qxe4 1-0

[Event "Sachsen-Anhalt-ch Seniors 23rd"]
[Site "Halberstadt"]
[Date "2015.06.01"]
[Round "2"]
[White "Wendland, Gerd"]
[Black "Just, Joachim"]
[Result "1/2-1/2"]
[WhiteElo "1730"]
[BlackElo "1880"]
[PlyCount "43"]
[EventDate "2015.05.31"]
[EventType "swiss"]
[EventRounds "7"]
[EventCountry "GER"]
[SourceTitle "EXT 2018"]
[Source "ChessBase"]
[SourceDate "2017.10.13"]
[SourceVersion "1"]
[SourceVersionDate "2017.10.13"]
[SourceQuality "1"]

1. Nf3 g6 2. c4 Bg7 3. g3 c5 4. Bg2 Nc6 5. 0-0 d6 6. Nc3 Nf6 7. b3 Bd7 8. Bb2 Qc8 9. d4 cxd4 10. Nxd4 Nxd4 11. Qxd4 0-0 12. Rad1 Bc6 13. Nd5 Bxd5 14. Bxd5 Ne8 15. Qd2 Bxb2 16. Qxb2 Nf6 17. Bg2 Qc7 18. h4 Rab8 19. Qd4 b6 20. g4 Qc5 21. g5 Qxd4 22. Rxd4 1/2-1/2

[Event "Sachsen-Anhalt-ch Seniors 23rd"]
[Site "Halberstadt"]
[Date "2015.05.31"]
[Round "1"]
[White "Graubaum, Hans Joachim"]
[Black "Wendland, Gerd"]
[Result "0-1"]
[WhiteElo "2004"]
[BlackElo "1730"]
[PlyCount "72"]
[EventDate "2015.05.31"]
[EventType "swiss"]
[EventRounds "7"]
[EventCountry "GER"]
[SourceTitle "EXT 2018"]
[Source "ChessBase"]
[SourceDate "2017.10.13"]
[SourceVersion "1"]
[SourceVersionDate "2017.10.13"]
[SourceQuality "1"]

1. e4 e6 2. d4 d5 3. Nd2 dxe4 4. Nxe4 Bd7 5. Nf3 Bc6 6. Bd3 Nd7 7. 0-0 Ngf6 8. Re1 Be7 9. Bf4 Nxe4 10. Bxe4 Bxe4 11. Rxe4 Nf6 12. Re2 0-0 13. h3 c6 14. c4 Bd6 15. Qd2 Bxf4 16. Qxf4 Rc8 17. Re5 Nd7 18. Re2 Qf6 19. Qe3 Rfd8 20. Rd1 h6 21. Red2 b6 22. Qa3 a5 23. Qb3 Qe7 24. a3 Rb8 25. Qc3 Nf6 26. Re1 Qc7 27. Qe3 Rd6 28. Qe5 Rd7 29. Qe3 Rd6 30. b4 c5 31. dxc5 bxc5 32. Qe5 Ne8 33. b5 Kf8 34. Red1 Rbd8 35. Qe3 Ke7 36. a4 f6 0-1

[Event "Langenhagen-ch op 17th"]
[Site "Langenhagen"]
[Date "2014.07.19"]
[Round "3"]
[White "Wendland, Gerd"]
[Black "Herrmann, Andreas"]
[Result "0-1"]
[WhiteElo "1696"]
[BlackElo "2118"]
[PlyCount "80"]
[EventDate "2014.06.14"]
[EventType "swiss"]
[EventRounds "7"]
[EventCountry "GER"]
[SourceTitle "EXT 2021"]
[Source "ChessBase"]
[SourceDate "2020.10.23"]
[SourceVersion "1"]
[SourceVersionDate "2020.10.23"]
[SourceQuality "1"]

1. d4 Nf6 2. c4 c5 3. d5 e5 4. Nc3 d6 5. e4 Be7 6. Nf3 Nbd7 7. Be2 Nf8 8. 0-0 Ng6 9. g3 0-0 10. Re1 Bd7 11. a3 Ne8 12. Bf1 a6 13. b4 b6 14. Rb1 f5 15. exf5 Bxf5 16. Ne4 Nf6 17. Nfd2 Qd7 18. Nxf6+ Rxf6 19. Ne4 Bxe4 20. Rxe4 Qf5 21. Qe2 Raf8 22. Rb2 R6f7 23. bxc5 bxc5 24. Bg2 Bg5 25. Be3 Bxe3 26. Rxe3 Qg5 27. h4 Qd8 28. Qg4 Ne7 29. Bh3 Nf5 30. Reb3 Nd4 31. Rb8 Qxb8 32. Rxb8 Rxb8 33. Qd1 Rf6 34. Qa4 h6 35. Be6+ Kh7 36. Qxa6 Rb1+ 37. Kh2 Rb2 38. Qc8 Rbxf2+ 39. Kh3 Rf8 40. Qd7 Ne2 0-1

[Event "Sachsen-Anhalt-ch Seniors 22nd"]
[Site "Halberstadt"]
[Date "2014.05.28"]
[Round "4"]
[White "Gehrmann, Dorit"]
[Black "Wendland, Gerd"]
[Result "1/2-1/2"]
[WhiteElo "1781"]
[BlackElo "1662"]
[PlyCount "48"]
[EventDate "2014.05.25"]
[EventType "swiss"]
[EventRounds "7"]
[EventCountry "GER"]
[SourceTitle "EXT 2018"]
[Source "ChessBase"]
[SourceDate "2017.10.13"]
[SourceVersion "1"]
[SourceVersionDate "2017.10.13"]
[SourceQuality "1"]

1. e4 e6 2. d4 d5 3. exd5 exd5 4. Nf3 Nc6 5. Bd3 Bd6 6. h3 Nge7 7. Nc3 0-0 8. 0-0 h6 9. a3 a6 10. Ne2 Be6 11. Nf4 Bxf4 12. Bxf4 Bf5 13. Re1 Bxd3 14. Qxd3 Ng6 15. Bg3 Qd7 16. Re2 Rfe8 17. Rae1 Rxe2 18. Rxe2 Nce7 19. Ne5 Nxe5 20. Bxe5 c6 21. c3 Ng6 22. Bg3 Re8 23. Rxe8+ Qxe8 24. Qf5 Qe6 1/2-1/2